000 nam a22 7a 4500
999 _c8665
_d8665
008 180118b ||||| |||| 00| 0 eng d
100 _bSriraman. P
_9101
245 _aEnvironmental Studies
260 _aNew Delhi
_bViva Publication
_c2008